| 000 | 01123nam a22001337a 4500 | ||
|---|---|---|---|
| 040 | _cRUA | ||
| 082 | _aFIS HEM 2013 B185 Or.1 | ||
| 100 | _aHEM SAN; ហែម សាន | ||
| 245 | _aAssessment of people willingness of preferent fish food to change insambour commune, sambour district, kratie province, kompongloung commuce, krakor distict,pursat provinvce, and koh chhivang commune, ek phnom distict, battambang province, វាយតម្លៃឆន្ទៈផ្លាស់ប្តូរប្រភេទត្រីដែលប្រជាជនចូលចិត្តបរិភោគនៅក្នុងឃុំសំបូរ ស្រុកសំបូរ ខេត្តក្រចេះ ឃុំកំពង់លួង ស្រុកក្រគរ ខេត្តពោធិ៍សាត់ និងឃុំកោះជីវាំង ស្រុកឯកភ្នំខេត្តបាត់ដំបង | ||
| 260 |
_aPhnom Penh _bRUA _c2013 |
||
| 300 |
_axiii, 59p. _bill. _c29cm. |
||
| 856 | _uhttps://drive.google.com/file/d/1GbO_BeE6xjFCFyCRi2VfoO_zzTsAabi-/view?usp=sharing | ||
| 942 | _cFIS | ||
| 999 |
_c3990 _d3990 |
||